00526 2200181 4500245008300000020002200083250001000105100002600115700002200141700002600163650002600189650001000215005001900225260006500244041001400309084001200323336000900335 aJELAJAH 34 MAKANAN KHAS PROVINSI DI INDONESIAcKiki Ratnaning ArimbihText a978-602-437-397-9 aCet.1 aKiki Ratnaning Arimbi aEndah Nur Fatimah aAhmad Sahar Syamsudin aCerita Anak Indonesia aEbook a20250317083050 aJakarta TimurbBadan Pengembangan dan Pembinaan Bahasac2018 aIndonesia a398.209 atext